000 00734nam a22002657a 4500
001 BR9404756
003 BR-BrBNA
005 20230928094248.0
007 ta
008 230509b bl.||||| |||| 00| 0 por d
040 _aBR-BrBNA
_bpor
_cBiblioteca Nacional de Agricultura
041 _a(Por)
072 _aL01
_b5214
090 _ 5214 BR9404756
110 1 _aCentro de Pesquisa Agropecuaria de Terras Baixas de Clima Temperado, Pelotas, RS (Brasil)
_91554
245 1 _aLeite: o segredo da producao
260 3 _aPelotas, RS (Brasil):
_c[nd].
300 _a6 p.
500 _a24 p.
650 _aGado Leiteiro
650 _aManejo
650 _aProducao Leiteira
909 _a202309
_bLucia
_c55
_dLucia Elande
942 _cBK
999 _c49720
_d49720